| 000 | 00420nam a2200145 a 4500 | ||
|---|---|---|---|
| 001 | 000042489 | ||
| 005 | 20201002040203.0 | ||
| 008 | 131204s1977 ag 000 0 spa d | ||
| 040 |
_aDO-SdBNP _bspa _cBNPHU |
||
| 082 |
_axxx _bxxx |
||
| 100 | 1 |
_aNeustadt, Bernardo _969683 |
|
| 245 | 1 | 3 |
_aLa Argentina y los Argentinos / _cBernardo Neustadt. |
| 260 |
_aBuenos Aires : _bEmecé Editores, _c1977. |
||
| 300 |
_a403 p. ; _c19 cm. |
||
| 999 |
_c41978 _d41978 |
||